Applied farm management (Record no. 8795)

000 -LEADER
fixed length control field 00248nam a22001217a 4500
040 ## - CATALOGING SOURCE
Transcribing agency SY
082 ## - DEWEY DECIMAL CLASSIFICATION NUMBER
Classification number 630
100 ## - MAIN ENTRY--AUTHOR NAME
Personal name JONATHAN TURNER
245 ## - TITLE STATEMENT
Title Applied farm management
260 ## - PUBLICATION, DISTRIBUTION, ETC. (IMPRINT)
Place of publication RAC
Name of publisher JONATHAN TURNER
Year of publication 1998
300 ## - PHYSICAL DESCRIPTION
Number of Pages 348p.
942 ## - ADDED ENTRY ELEMENTS (KOHA)
Koha item type សៀវភៅភាសាអង់គ្លេស
952 ## - LOCATION AND ITEM INFORMATION (KOHA)
Withdrawn status [LOCAL, KOHA] 0
952 ## - LOCATION AND ITEM INFORMATION (KOHA)
Withdrawn status [LOCAL, KOHA] 0
Holdings
Permanent Location Date acquired Koha item type Lost status Shelving location Barcode Current Location Full call number
Library Block C2016-08-16សៀវភៅភាសាអង់គ្លេស C258RUA41944Library Block C630 JON 1998 C258
Library Block C2016-10-14សៀវភៅភាសាអង់គ្លេស C252RUA42045Library Block C630 TUR 1998 C252
មជ្ឈមណ្ឌលឯការនៃសាកលវិទ្យាល័យភូមិន្ទកសិកម្មចំការដូង

Powered by Koha